| 000 | 00689cam a2200229 4500 | ||
|---|---|---|---|
| 001 | WB3547-14 | ||
| 008 | 000000n1999 000 0 eng u | ||
| 035 | _a(Sirsi) u102943 | ||
| 245 | _aBoston shoppers stick to bricks and mortar | ||
| 260 | _c1999 | ||
| 490 |
_aFinancial Times _v29 November 1999, 30(1) |
||
| 520 | _aA brief survey of shoppers in Boston, Massachusets, showed that most were sceptical about switching to shopping via the internet. | ||
| 590 | _aWB | ||
| 600 | _aUNITED STATES | ||
| 650 | _aE-COMMERCE | ||
| 650 | _aINTERNET | ||
| 650 | _aONLINE SHOPPING | ||
| 650 | _aINTERNET SHOPPING | ||
| 650 | _aBOSTON | ||
| 690 | _aECONOMIC AND SOCIAL | ||
| 942 | _n0 | ||
| 999 |
_c61849 _d61849 |
||